000 00765nam a22002297a 4500
003 OSt
005 20250715014211.0
008 250715b |||||||| |||| 00| 0 eng d
020 _a02051617077
040 _aDWCL - Main lib
_cOC
082 _aCirc. 658.802 K39s 1995
100 _aKerin, Roger A.
245 _aStrategic marketing problems :
_bcases and comments/
_cRoger A. Kerin
250 _aSeventh edition.
260 _aNew Jersey :
_bPrentice Hall,
_cc1995.
300 _axiv, 738 pages :
_b illustrations ;
_c 26 cm.
504 _aIncludes index.
650 _a1. Marketing--Decision making--Case studies.
650 _a2. Marketing--Management--Case studies.
700 _aRobert A. Peterson
942 _2ddc
_cBK-CIRC
_eSeventh edition.
_kCirc.
_n0
999 _c3669
_d3669